01015 2200337 4500001002100000005001500021035002000036007000300056040001700059100003200076245010900108250001000217300003500227041000800262082001000270090001800280264003800298336002100336337003000357338002300387650002300410850001000433008004100443700004900484084001600533500002900549020001800578504002900596990002600625990002600651INLIS00000000000569320260426120138 a0010-0222000783ta aSBPUPADbInd0 aE. Gumbira-Sa'idePengarang1 aAgribisnis Syariah :bManajemen Agribisnis Dalam Perspektif Syariah Islam /cPengarang; E. Gumbira-Sa'id acet.1 aiv, 164 hal :billus. ;c23 cm0 aInd a338.1 a332 HAR m 9-2 aJakarta :bPenebar Swadaya,c2005 2rdacontentaTeks 2rdamediaaTanpa Perantara 2rdacarrieraVolume 4aAgribisnis Syariah aPUPAD260426 0  aPengarang Ke-2 Yayuk Eka PrastiwiePengarang a338.1 GUM a aBiografi Penulis hlm 163 a979-489-886-4 abibliografi, hlm 159-162 a3664/B/ARPUS-PDG/2008 a3665/B/ARPUS-PDG/2008